00566nam a2200181Ia 450000500170000000800410001704000190005804100120007708200160008910000160010524501230012126000330024430000150027750400210029265000340031370000270034785000100037420230130103416.0131103s9999 xx 000 0 und d aLoreto College aEnglish a833.91bMAN aMann,Thomas aBuddenbrooksb the popular novel by the greatest living man of letters cThomas Mann translated by H.T.Lowe - Parter aNew YorkbPocket Booksc1952 a644 p.[4]  aCardinal edition aGerman Fiction - 19th Century aLowe - Porter,H.T.,tr. aLCLIB